000
00210 a2200085 4500
999
_c
213485
_d
213485
020
_a
9781911382447
100
_a
Fergo Roche
245
_a
Mining for gold: Stories of effective teachers
260
_b
John Catt
_c
2017